Представление документа в формате RUSMARC

ПолеНазваниеЗначение
  Тип записи a
  Библиографический уровень a
001 Контрольный номер RU/CBS_UL/BASE/8904b2aa811b44cfa91151d95174761b
005 Дата корректировки 20250228144407.9
100 Данные общей обработки __
a Данные общей обработки 20250228 ||| 0rusy0189 ca
101 Язык документа 0_
a Язык текста rus
102 Страна публикации __
a Страна публикации RU
200 Заглавие и сведения об ответственности 1_
a Заглавие Гибель титана
e Сведения, относящиеся к заглавию [болезнь и смерть В. И. Ленина]
f Первые сведения об ответственности Д. Митюрин
300 Общие примечания __
a Общие примечания 16+
461 Уровень набора _0
1 2000
a Тайны СССР
463 Уровень физической единицы _0
1 2000
a № 2
v С. 18-20 : фото
1 2101
d 2025
1 001RU/CBS_UL/BASE/7198d265480c4491afc433d7d507bfb0
600 Персоналии _1
a Персоналии (Фамилия) Ленин
b Персоналии (Имя, инициалы) В. И.
606 Тематические рубрики 0_
a Основная рубрика Ленин, Владимир Ильич (1870-1924)
610 Ключевые слова 0_
a Ключевые слова вожди
610 Ключевые слова 0_
a Ключевые слова советские вожди
610 Ключевые слова 0_
a Ключевые слова вожди советские
610 Ключевые слова 0_
a Ключевые слова партийные деятели
610 Ключевые слова 0_
a Ключевые слова советские партийные деятели
610 Ключевые слова 0_
a Ключевые слова партийные деятели советские
610 Ключевые слова 0_
a Ключевые слова болезнь В. И. Ленина
610 Ключевые слова 0_
a Ключевые слова смерть В. И. Ленина
686 Индексы других классификаций __
2 Код системы rubbk
a Классификационный индекс 63.3(2)61
700 Автор _1
a Фамилия Митюрин
b Имя (инициалы) Д.
801 Источник записи _0
a Страна RU
b Организация МБУК ЦБС г. Ульяновска
c Дата составления 20250228
g Правила каталогизации RCR
801 Источник записи _1
a Страна RU
b Организация МБУК ЦБС г. Ульяновска
c Дата составления 20250228
g Правила каталогизации RCR
901 Тип документа __
t Тип документа b
w Контрольный № источника RU/CBS_UL/BASE/7198d265480c4491afc433d7d507bfb0
909 Создатель записи __
a Создатель записи lib2